| Tag |
First Indicator |
Second Indicator |
Subfields |
| LEADER |
00000cam a22000008a 4500 |
| 001 |
in00001181021 |
| 005 |
20151002051326.0 |
| 008 |
930518s1993 nyua 001 0ceng |
| 010 |
|
|
|a 93025111
|
| 020 |
|
|
|a 030680526X :
|c $13.95
|
| 035 |
|
|
|a (OCoLC)28214069
|
| 035 |
|
|
|9 AGH2957AM
|
| 040 |
|
|
|a DLC
|c DLC
|d UtOrBLW
|
| 043 |
|
|
|a n-us---
|
| 049 |
|
|
|a TXAM
|
| 050 |
0 |
0 |
|a ML394
|b .T4 1993
|
| 082 |
0 |
0 |
|a 781.65/092/2
|2 20
|
| 100 |
1 |
|
|a Taylor, Art.
|
| 245 |
1 |
0 |
|a Notes and tones :
|b musician-to-musician interviews /
|c by Arthur Taylor.
|
| 250 |
|
|
|a Expanded ed., 1st Da Capo Press ed.
|
| 264 |
|
1 |
|a New York :
|b Da Capo Press,
|c 1993.
|
| 300 |
|
|
|a 300 pages :
|b illustrations
|
| 336 |
|
|
|a text
|b txt
|2 rdacontent
|
| 337 |
|
|
|a unmediated
|b n
|2 rdamedia
|
| 338 |
|
|
|a volume
|b nc
|2 rdacarrier
|
| 500 |
|
|
|a Includes index.
|
| 650 |
|
0 |
|a Jazz musicians
|v Interviews.
|
| 650 |
|
0 |
|a African American musicians
|v Interviews.
|
| 999 |
|
|
|a MARS
|
| 999 |
f |
f |
|s 39613a0e-2772-367e-ad8d-6e64af61b337
|i 6d83354d-0ae2-3c1c-948d-aaa65728b39b
|t 0
|
| 952 |
f |
f |
|p normal
|a Texas A&M University
|b College Station
|c Sterling C. Evans Library
|d Evans: Library Stacks
|t 0
|e ML394 .T4 1993
|h Library of Congress classification
|i unmediated -- volume
|m A14818571711
|
| 998 |
f |
f |
|a ML394 .T4 1993
|t 0
|l Evans: Library Stacks
|